000 00298 a2200133 4500
000 nam a22 7a 4500
100 _aMuskan
110 _aMuskan
245 _aFood packaging
250 _aLatest edition
260 _bCBS Publication
_c2026
264 _bCBS Publication
_c2026
942 _cBK
999 _c395614
_d395614